MARC

Tag First Indicator Second Indicator Subfields
LEADER 00000cam a22000005u 4500
001 in00002786905
005 20190331170702.0
006 m o d
007 cr nn 008mam|a
008 110621t2011 gw fo || 0 0 |||||
020 |a 9780784411834 
035 |a (American Society of Civil Eng)10.1061/9780784411834 
040 |d UtOrBLW 
245 0 0 |a Georisk 2011 :  |b Risk Assessment and Management /  |c Edited by C. Hsein Juang, Kok Kwang Phoon, Anand J. Puppala, Russell A. Green, Gordon A. Fenton. 
264 1 |a Reston, VA :  |b American Society of Civil Engineers,  |c 2011. 
300 |a 1 online resource. 
336 |a text  |b txt  |2 rdacontent 
337 |a computer  |b c  |2 rdamedia 
338 |a online resource  |b cr  |2 rdacarrier 
490 1 |a Geotechnical Special Publications 
500 |a Electronic resource. 
653 |a Proceedings  |a Geo-Institute (G-I)  |a Risk management  |a Earthquakes and tsunamis  |a Preparedness and mitigation  |a Available in Print 
655 7 |a Electronic books.  |2 local 
700 1 |a Juang, C. Hsein. 
700 1 |a Phoon, Kok-Kwang. 
700 1 |a Puppala, Anand J. 
700 1 |a Green, Russell A. 
700 1 |a Fenton, Gordon A. 
730 0 |a ASCE Library. 
830 0 |a Geotechnical Special Publications. 
856 4 0 |u http://proxy.library.tamu.edu/login?url=http://ascelibrary.org/action/showBook?doi=10.1061%2F9780784411834  |z Connect to the full text of this electronic book  |t 0 
999 |a MARS 
999 f f |s c67fd6f0-b260-383c-8ad2-d26d784eb7c5  |i 7240af20-eb95-38d8-9a5b-b802c74329c2  |t 0 
952 f f |a Texas A&M University  |b College Station  |c Electronic Resources  |d Available Online  |t 0  |h No information provided 
998 f f |t 0  |l Available Online